000 00290 a2200121 4500
001 146901
040 _cEscola São Tomás de Aquino
100 _aBRANCO, Samuel Murgel
240 1 0 _aCarolina e o vento
_lpor
245 1 0 _aCarolina e o vento
697 _a*LITERATURA INFANTO
942 _cBK
999 _c146901
_d146901